| 000 | 00350nam a2200145Ia 4500 | ||
|---|---|---|---|
| 008 | 230917s9999||||xx |||||||||||||| ||und|| | ||
| 040 |
_e208271 _aMAIN |
||
| 041 | _aEnglish | ||
| 082 | _a514 M636M | ||
| 100 | _aMilnor, John | ||
| 245 | 0 | _aMorse theory | |
| 260 |
_aNew Delhi _bHindustan Book Agency _c2013 |
||
| 300 | _aviii, 153 p. | ||
| 942 | _cBK | ||
| 999 |
_c167892 _d167892 |
||